| 000 | 00582nam a22002057a 4500 | ||
|---|---|---|---|
| 003 | OSt | ||
| 005 | 20250415193042.0 | ||
| 008 | 250415b |||||||| |||| 00| 0 eng d | ||
| 022 | _a9780074527142 | ||
| 040 | _cNational Library of Australia | ||
| 050 | _aK100 | ||
| 100 | _aAlderson, Peter | ||
| 245 |
_aLegal Studies: For Unit 3 & 4 _bPeter Alderson |
||
| 260 |
_aNational Library of Australia: _bMcGraw-Hills Book Company _cc 1991 |
||
| 300 | _axvi, 331 | ||
| 500 | _aIncludes index, bibliography | ||
| 600 | _2Legal Studies | ||
| 700 | _aJeanne Strong | ||
| 942 |
_2lcc _cBK _n0 |
||
| 999 |
_c5485 _d5485 |
||